| 000 | 00688nam a2200193 i 4500 | ||
|---|---|---|---|
| 001 | 39678 | ||
| 003 | ES-MaACL | ||
| 005 | 20230906160046.0 | ||
| 007 | t| | ||
| 008 | 030304s1974 sp ||||1| spa d | ||
| 100 | 1 |
_aCánovas del Castillo, Juan Antonio. _934606 |
|
| 245 | 1 | 0 |
_aEn el centenario de la Restauración / _cJuan Antonio Cánovas del Castillo y Fraile. |
| 260 |
_aMadrid : _b[s.n.], _c1974. |
||
| 300 |
_a6 h. ; _c22 cm. |
||
| 500 | _aSeparata de: "Miscelánea en honor de Juan Becerril y Antón-Miralles, p. 181-191. | ||
| 500 | _aDed. autógr. del autor. | ||
| 740 | 0 | _aMiscelánea en honor de Juan Becerril y Antón-Miralles. | |
| 852 |
_aES-MaACL _j2134-F-24 _bR.112947 |
||
| 999 |
_c39678 _d39678 |
||